Teorie elektromagnetického pole 1 : Příklady /

Salvato in:
Dettagli Bibliografici
Autore principale: Coufalová, Božena (Autore)
Natura: Libro
Lingua:ceco
Pubblicazione: Praha : České vysoké učení technické v Praze, 1996
Edizione:1.vyd.
Tags: Aggiungi Tag
Nessun Tag, puoi essere il primo ad aggiungerne!!

MARC

LEADER 00000nam a22000003a 4500
001 stu9344
005 20150617225803.6
008 961219s1996----xr------------------cze-d
020 |a 80-01-01478-9 
040 |a STU  |b slo 
041 0 |a cze 
044 |a xr 
080 |a 621.372 
080 |a 537.8(075.8)  |7 stu_us_auth*stu7622 
100 1 |a Coufalová, Božena  |4 aut 
245 1 |a Teorie elektromagnetického pole 1 :  |b Příklady /  |c AUT Coufalová,Božena a kol 
250 |a 1.vyd. 
260 |a Praha :  |b České vysoké učení technické v Praze,  |c 1996 
300 |a 178 s 
996 |b 284EK08752  |c E*81039  |l EE01  |s A  |a 24  |w stu9344_0001